Dictionnaire etymologique des noms de lieux on France par/ Albert Dauzat et Charles Rostaing
Saved in:
| Main Author: | |
|---|---|
| Format: | Book |
| Language: | English |
| Published: |
Librairie Lato-usse
1963
|
| Tags: |
Add Tag
No Tags, Be the first to tag this record!
|
MARC
| LEADER | 00000nam a22000007a 4500 | ||
|---|---|---|---|
| 008 | 201218b ||||| |||| 00| 0 eng d | ||
| 100 | |a DAUZAT, Albert, 1877 – 1955 | ||
| 245 | |a Dictionnaire etymologique des noms de lieux on France par/ Albert Dauzat et Charles Rostaing |c Albert Dauzat et Charles Rostaing | ||
| 260 | |b Librairie Lato-usse |c 1963 |h Paris |i 89135 |l DC14 .D26 | ||
| 942 | |a lcc |c BK |e ADEYEYE Y. S. |f 18/12/2020 | ||
| 952 | |0 0 |1 0 |2 lcc |4 0 |6 DC0014 D26 |7 0 |9 766 |a HOL |b RF |c AF |d 2020-12-18 |l 0 |o DC14 .D26 |p 2020-229981 |r 2020-12-18 00:00:00 |w 2020-12-18 |y BK | ||
| 999 | |c 433 |d 433 | ||